LEADER 01605nam 2200493 450 001 9910796090803321 005 20200520144314.0 010 $a9781118913178 (Electronic Book) 035 $a(MiAaPQ)EBC7104220 035 $a(CKB)24989739300041 035 $a(MiAaPQ)EBC2038566 035 $a(MiAaPQ)EBC4039781 035 $a(Au-PeEL)EBL4039781 035 $a(CaPaEBR)ebr11069716 035 $a(CaONFJC)MIL803617 035 $a(OCoLC)908107414 035 $a(PPN)203369130 035 $a(EXLCZ)9924989739300041 100 $a20150707h20152015 uy 0 101 0 $aeng 135 $aur||||||||||| 181 $2rdacontent 182 $2rdamedia 183 $2rdacarrier 200 00$aExamination of the newborn $ean evidence-based guide /$fedited by Anne Lomax ; contributors, Jeanette Appleton [and eleven others] 205 $aSecond edition. 210 1$aChichester, [England] :$cWiley Blackwell,$d2015. 210 4$d2015 215 $a1 online resource (268 pages) $ccolor illustrations, photographs 311 0 $a9781118913192 (Paperback) 320 $aIncludes bibliographical references at the end of each chapters and index. 606 $aEvidence-based pediatrics 606 $aNewborn infants$xMedical examinations 615 0$aEvidence-based pediatrics. 615 0$aNewborn infants$xMedical examinations. 676 $a618.9201 702 $aAppleton$b Jeanette 702 $aLomax$b Anne 801 0$bMiAaPQ 801 1$bMiAaPQ 801 2$bMiAaPQ 912 $a9910796090803321 996 $aExamination of the newborn$9835300 997 $aUNINA LEADER 03322nam 2200733 a 450 001 9910779751503321 005 20230803021007.0 010 $a1-84769-970-7 010 $a1-84769-969-3 024 7 $a10.21832/9781847699695 035 $a(CKB)2550000001094041 035 $a(EBL)1192818 035 $a(OCoLC)847625700 035 $a(SSID)ssj0000886936 035 $a(PQKBManifestationID)11932342 035 $a(PQKBTitleCode)TC0000886936 035 $a(PQKBWorkID)10839348 035 $a(PQKB)11342558 035 $a(MiAaPQ)EBC1192818 035 $a(DE-B1597)491301 035 $a(DE-B1597)9781847699695 035 $a(Au-PeEL)EBL1192818 035 $a(CaPaEBR)ebr10714570 035 $a(CaONFJC)MIL493048 035 $a(EXLCZ)992550000001094041 100 $a20130222d2013 uy 0 101 0 $aeng 135 $aur|n|---||||| 181 $ctxt 182 $cc 183 $acr 200 04$aThe affective dimension in second language acquisition$b[electronic resource] /$fedited by Danuta Gabrys?-Barker and Joanna Bielska 210 $aBristol $cMultilingual Matters$d2013 215 $a1 online resource (313 p.) 225 1 $aSecond language acquisition ;$v68 300 $aDescription based upon print version of record. 311 $a1-84769-968-5 311 $a1-299-61798-0 320 $aIncludes bibliographical references. 327 $apt. 1. Affective variables in language learning -- pt. 2. Motivation, attitudes and learning experiences -- pt. 3. Affectivity in language production -- pt. 4. Affective dimension in educational contexts. 330 $aAffectivity is at the core of everything we do in life. Thus, its development is also central to learning/acquisition and is important for educational contexts. The studies presented in this volume consider the different contexts of language learning and examine different types of participants in this process. Most of them look at a formal instruction context, while others look beyond the classroom and even report on the author's own affectivity and its involvement in learning experiences. Affectivity is discussed here in relation to learners but also to teachers in their own professional contexts of teaching foreign languages. In the majority of cases, affectivity is explored in the case of bilinguals, but there are also articles which focus on multilingual language users and their affectivity as an evolving factor. 410 0$aSecond language acquisition (Clevedon, England) ;$v68. 606 $aSecond language acquisition$xStudy and teaching 610 $aAffect. 610 $aAffectivity . 610 $aSLA. 610 $aSecond Language Acquisition. 610 $aindividual differences. 610 $alanguage classroom. 610 $alanguage learning. 610 $alearner characteristics. 610 $alearner differences. 610 $ateaching foreign languages. 615 0$aSecond language acquisition$xStudy and teaching. 676 $a418.0071 701 $aGabrys?$b Danuta$01473170 701 $aBielska$b Joanna$01570683 801 0$bMiAaPQ 801 1$bMiAaPQ 801 2$bMiAaPQ 906 $aBOOK 912 $a9910779751503321 996 $aThe affective dimension in second language acquisition$93844511 997 $aUNINA LEADER 05277oam 22008531 450 001 9910968049903321 005 20190912095643.0 010 $a9780755600007 010 $a0755600002 010 $a9780755694976 010 $a075569497X 010 $a9780857714060 010 $a0857714066 010 $a9786000008994 010 $a6000008996 010 $a9781429453684 010 $a1429453680 024 7 $a10.5040/9780755694976 035 $a(CKB)1000000000467225 035 $a(EBL)676875 035 $a(OCoLC)710975770 035 $a(SSID)ssj0000187517 035 $a(PQKBManifestationID)12055371 035 $a(PQKBTitleCode)TC0000187517 035 $a(PQKBWorkID)10136906 035 $a(PQKB)10839853 035 $a(OCoLC)1124397330 035 $a(UtOrBLW)bpp09264355 035 $a(MiAaPQ)EBC676875 035 $a(UtOrBLW)BP9780755694976BC 035 $a(Perlego)883676 035 $a(EXLCZ)991000000000467225 100 $a20190919d2014 uy 0 101 0 $aeng 135 $aur|n|---||||| 181 $ctxt 182 $cc 183 $acr 200 10$aKing Arthur's enchantresses $eMorgan and her sisters in Arthurian tradition /$fby Carolyne Larrington 205 $aFirst edition. 210 1$aLondon ;$aNew York :$cI.B. Tauris,$d2014. 215 $a1 online resource (272 p.) 300 $aCompliant with Level AA of the Web Content Accessibility Guidelines. Content is displayed as HTML full text which can easily be resized or read with assistive technology, with mark-up that allows screen readers and keyboard-only users to navigate easily. 311 08$a9781784530419 311 08$a1784530417 311 08$a9781845111137 311 08$a1845111133 320 $aIncludes bibliographical references. 327 $aContents; Introduction; 1. Magic and the Enchantress; 2. Morgan and Arthur; 3. Morgan and Chivalry; 4. Morgan, Other Knights and Enchantresses; 5. Viviane, the Damoiselle Cacheresse and the Lady of the Lake; 6. The Queen of Orkney; 7. Vivien and the Victorians; 8. Morgan, Morgause, and the Modern Age; Notes; Bibliography; List of Pictures and Sources; Index 330 $a"King Arthur: the very name summons visions of courtly chivalry and towering castles, of windswept battlefields and heroic quests, and above all of the charismatic monarch who dies but who one day shall return again. The Arthurian legend lives on as powerfully and enduringly as ever. Yet there is an aspect to this myth which has been neglected, but which is perhaps its most potent part of all. For central to the Arthurian stories are the mysterious, sexually alluring enchantresses, the spellcasters and mistresses of magic who wield extraordinary influence over Arthur's life and destiny, bestriding the Camelot mythology with a dark and brooding presence. Carolyne Larrington brings these dangerous women vibrantly to life. Here is Morgan-le-Fay, a complex sorceress of great cunning and skill, immortalised by Helen Mirren's Morgana in John Boorman's film "Excalibur". Here too are the mystical Lady of the Lake; the beguiling Viviane, Merlin's deadly nemesis; and Morgause, Queen of Orkney, mother to Mordred, Arthur's incestuously-conceived son and his bitterest foe. Echoing the search for the Grail by the knights of the Round Table, Larrington takes her readers on an intriguing quest of her own - to discover why Arthurian enchantresses continue to bewitch us. Her journey takes in the enchantresses as they appear in poetry and painting, in politics and the theatre, on the Internet and TV, in high culture and popular culture. Whether they be chaste or depraved, necrophiliacs or virgins, benevolent or filled with hatred, the enchantresses represent a strain of femininity which continually challenges male chivalric values from within. These women are survivors. They outlive the collapse of Camelot and all it stands for. And it is as archetypal manifestations of the feared, uncontainable Other that they continue to inspire admiration, fright and fascination in equal measure. King Arthur's Enchantresses makes a unique contribution to contemporary writing on the Arthurian myths. It will intrigue and delight anyone with an interest in mythology, religion, cultural history and medieval literature."--Bloomsbury Publishing. 606 $aArthurian romances$xHistory and criticism 606 $aMorgan le Fay (Legendary character)$vRomances$xHistory and criticism 606 $aWomen in literature 606 $aLiterature, Medieval$xHistory and criticism 606 $aMagic in literature 606 $aWomen$xMythology 606 $aLegends$zGreat Britain 615 0$aArthurian romances$xHistory and criticism. 615 0$aMorgan le Fay (Legendary character)$xHistory and criticism. 615 0$aWomen in literature. 615 0$aLiterature, Medieval$xHistory and criticism. 615 0$aMagic in literature. 615 0$aWomen$xMythology. 615 0$aLegends 676 $a398.352 676 $a820.9351 676 $a398.352 700 $aLarrington$b Carolyne$0222983 801 0$bUtOrBLW 801 1$bUtOrBLW 906 $aBOOK 912 $a9910968049903321 996 $aKing Arthur's enchantresses$94335834 997 $aUNINA